| 000 | 00514cam a2200205ua 4500 | ||
|---|---|---|---|
| 001 | 7901 | ||
| 005 | 20260515114251.0 | ||
| 008 | 141230n ii |||gr||||Z||||||hin | ||
| 040 | _cMAIN | ||
| 041 | _ahin | ||
| 082 | _a920 | ||
| 100 |
_aSingh, R., _eAuthor. |
||
| 245 | 1 |
_aDoctor Haribanch Rai Bachchan tatha unka kavya _cBy Rajiv Singh |
|
| 250 | _a1st. | ||
| 260 |
_aIlahabad: _bJoybharati, _c1994. |
||
| 300 | _a222p. | ||
| 653 | _aBiography, genealogy & insignia | ||
| 653 | _aHindi biography | ||
| 942 | _cBK | ||
| 999 |
_c7016 _d7016 |
||